000 01333nam a2200361 i 4500
999 _c65256
_d65256
001 768714001
003 CO-MdFUSB
005 20191022145141.0
008 190926t2002 sp |||| |||| 00| 0 spa d
020 _a9788433967558
040 _bspa.
_aCO-MdFUSB
_cCO-MdFUSB
_dCO-MdFUSBC
_erda
041 _aspa
_hfre
082 _223
_a301.15
_bL764
100 _aLipovetsky, Guilles.
_eautor
240 _aL´ere du vide. Essais sur I´ndividualisme contemporain
245 1 3 _aLa era del vacío :
_bensayos sobre el individualismo contemporáneo.
_c/ Guilles Lipovetsky ; traducido por Joan Vinyoli y Michéle Pendanx
264 1 _aBarcelona, España :
_bAnagrama,
_c[2002]
264 4 _c© 2002
300 _a220 páginas
_c; 21 cm
336 _2rdacontent
_atexto
_btxt
337 _2rdamedia
_asin mediación
_bn
338 _2rdacarrier
_avolumen
_bnc
490 _aCompactos.
505 _aSeducción contínua. -- La indiferencia pura. -- Narciso o la estrategia del vacío. -- Modernismo y posmodernismo. -- La sociedad humorística. -- Violencias salvajes, violencias modernas.
563 _aRústico
650 0 _95
_aSociología de la cultura
650 7 _9261
_aPostmodernismo
650 7 _92660
_aIndividualismo
_2embne
653 _aNarcisismo
653 _aSeducción
942 _cBK
945 _aJTF-925